All Pokémon with Guts - Statistics

General Stats
  • This quiz has been taken 11 times
  • The average score is 16 of 25
Answer Stats
(Avail)ability Pokémon % Correct
First Ability Conkeldurr
100%
First Ability Gurdurr
100%
First Ability Machamp
100%
First Ability Machoke
100%
First Ability Machop
100%
First Ability Timburr
100%
Second Ability Raticate
86%
Second Ability Rattata
86%
First Ability Swellow
86%
First Ability Taillow
86%
First Ability Ursaluna
86%
First Ability Ursaring
86%
Second Ability Heracross
71%
Second Ability Obstagoon
57%
Hidden Ability Flareon
43%
Second Ability Hariyama
43%
Hidden Ability Luxio
43%
Hidden Ability Luxray
43%
Second Ability Makuhita
43%
Hidden Ability Shinx
43%
Hidden Ability Squawkabilly (Blue Plumage)
29%
Hidden Ability Squawkabilly (Green Plumage)
29%
First Ability Throh
29%
First Ability Larvitar
14%
First Ability Tyrogue
14%
No matching quizzes found
Score Distribution
Percent of People with Each Score
Percentile by Number Answered
Your Score History
You have not taken this quiz